Pierce Brosnan

Bibliographic Details
Format: Article
Language:Slovak
PhysicalDescription:Fotogr. 1
ISSN:1335-0773
Subjects:

MARC

LEADER 00000nab a2200000 a 4500
001 vtls000644094
003 SK-MaSNL
005 20260302184106.0
008 160321c1998 xo 0 slo
015 |a SNBRB19rr/mm-uuuuu 
035 |a CL0644233 
040 |a SNKBUCL  |b slo  |c SNKBUCL  |e AACR2 
041 0 |a slo 
044 |a xo  |c SK 
080 |a 791.44.071.2  |2 1981 
080 |a 929 Brosman, Pierce  |2 1981 
245 0 0 |a Pierce Brosnan 
300 |b Fotogr. 1 
600 1 7 |a Brosnan, Pierce  |d 1952-  |2 snkbucl  |9 898707 
655 7 |a články z novín a časopisov  |2 snkbucl  |9 267496 
773 0 |x 1335-0773  |t Film  |g Č. 11 (1997/1998), s. 34 
850 |a Slovenská národná knižnica v Martine  |a MTA001 
852 |a SNK  |b KIS3GCP 
958 |a GB 
958 |a BC 
958 |a RK 
958 |a RBX 
999 |c 1424155  |d 1426085